| 000 | 01219cam a22003134a 4500 | ||
|---|---|---|---|
| 001 | 13926869 | ||
| 005 | 20230320123342.0 | ||
| 008 | 050412s2005 cauab r 001 0 eng | ||
| 010 | _a 2005009754 | ||
| 020 | _a1884989160 (pbk.) | ||
| 035 | _a(OCoLC)ocm59002704 | ||
| 040 |
_aDLC _cDLC _dYDX _dBAKER _dDLC |
||
| 042 | _apcc | ||
| 050 | 0 | 0 |
_aTL4020 _b.I58 2005 |
| 082 | 0 | 0 |
_a629.478 _222 _bSTR |
| 100 | 1 |
_aStrom, Steven R. _9110640 |
|
| 245 | 1 | 0 |
_aInternational launch site guide / _cSteven R. Strom. |
| 250 | _a2nd ed. | ||
| 260 |
_aEl Segundo, Calif. : _bAerospace Press ; _aReston, Va. : _bAmerican Institute of Aeronautics and Astronautics, _cc2005. |
||
| 300 |
_axv, 175 p. : _bill., maps ; _c23 cm. |
||
| 500 | _aRev. ed. of: International launch site guide. 1994. | ||
| 500 | _aIncludes index. | ||
| 650 | 0 |
_aLaunch complexes (Astronautics) _vDirectories. _9110641 |
|
| 730 | 0 |
_aInternational launch site guide. _9110642 |
|
| 856 | 4 | 1 |
_3Table of contents _uhttp://www.loc.gov/catdir/toc/ecip0510/2005009754.html |
| 906 |
_a7 _bcbc _corignew _d1 _eecip _f20 _gy-gencatlg |
||
| 942 |
_2ddc _cBK |
||
| 999 |
_c593855 _d593855 |
||